Исследование проблем адаптации иностранных студентов на примере Томского политехнического университета; Методология обучения и повышения эффективности академической, социально-культурной и психологической адаптации иностранных студентов в российском вузе: теоретические и прикладные аспекты; Т. 2

Dades bibliogràfiques
Parent link:Методология обучения и повышения эффективности академической, социально-культурной и психологической адаптации иностранных студентов в российском вузе: теоретические и прикладные аспекты: материалы Всероссийского семинара, 21-23 октября 2008 г./ Томский политехнический университет (ТПУ), Институт международного образования и языковой коммуникации (ИМОиЯК).— , 2008
Т. 2.— 2008.— С. 7-12
Autor principal: Абунавас Х. А. Халед Абдалла
Altres autors: Берестнева О. Г. Ольга Григорьевна
Idioma:rus
Publicat: 2008
Matèries:
Format: Capítol de llibre
KOHA link:https://koha.lib.tpu.ru/cgi-bin/koha/opac-detail.pl?biblionumber=156148

MARC

LEADER 00000naa2a2200000 4500
001 156148
005 20240111113330.0
035 |a (RuTPU)RU\TPU\book\169349 
090 |a 156148 
100 |a 20090324d2008 k y0rusy50 ca 
101 0 |a rus 
102 |a RU 
200 1 |a Исследование проблем адаптации иностранных студентов на примере Томского политехнического университета  |f Х. А. Абунавас, О. Г. Берестнева 
320 |a Библиогр.: 6 назв. 
461 1 |0 (RuTPU)RU\TPU\book\164988  |t Методология обучения и повышения эффективности академической, социально-культурной и психологической адаптации иностранных студентов в российском вузе: теоретические и прикладные аспекты  |o материалы Всероссийского семинара, 21-23 октября 2008 г.  |f Томский политехнический университет (ТПУ), Институт международного образования и языковой коммуникации (ИМОиЯК)  |d 2008 
463 0 |0 (RuTPU)RU\TPU\book\163845  |y 5-87307-071-7  |t Т. 2  |v С. 7-12  |d 2008  |p 200 с. 
610 1 |a иностранные студенты 
610 1 |a адаптация 
610 1 |a академическая мобильность 
610 1 |a высшее образование 
610 1 |a история 
610 1 |a языковая подготовка 
610 1 |a ИМОЯК 
610 1 |a опросы 
610 1 |a труды учёных ТПУ 
700 1 |a Абунавас  |b Х. А.  |c иорданский ученый, специалист в области прикладной математики  |c аспирант Томского политехнического университета  |f 1969-  |g Халед Абдалла  |3 (RuTPU)RU\TPU\pers\25723  |9 11625 
701 1 |a Берестнева  |b О. Г.  |c специалист в области информатики и вычислительной техники  |c профессор Томского политехнического университета, доктор технических наук  |f 1953-  |g Ольга Григорьевна  |3 (RuTPU)RU\TPU\pers\24545  |9 10845 
801 1 |a RU  |b 63413507  |c 20090324  |g PSBO 
801 2 |a RU  |b 63413507  |c 20160129  |g RCR 
942 |c BK